[Event "3rd Al Ain Chess Classic"]
[Site "Al-Ain UAE"]
[Date "2014.12.23"]
[Round "6.1"]
[White "Kuzubov, Yuriy"]
[Black "Nigalidze, Gaioz"]
[Result "0-1"]
[WhiteTitle "GM"]
[BlackTitle "GM"]
[WhiteElo "2701"]
[BlackElo "2536"]
[WhiteFideId "14112906"]
[BlackFideId "13603078"]
[EventDate "2014.12.19"]

1. e4 c5 2. Nf3 d6 3. d4 cxd4 4. Nxd4 Nf6 5. Nc3 a6 6. Be2 e5 7. Nb3 Be7 8. O-O
O-O 9. Be3 Be6 10. a4 Nbd7 11. a5 Rc8 12. Qd2 Qc7 13. Rfd1 Nxe4 14. Nxe4 Qxc2
15. Qxc2 Rxc2 16. Nc1 d5 17. Ng5 Bxg5 18. Bxg5 Rxb2 19. Be7 Rc8 20. Bd3 Nc5 21.
Bxc5 Rxc5 22. Bb1 Rcb5 23. Nd3 Re2 24. Kf1 Re4 25. Ne1 Reb4 26. f3 g5 27. Bd3
Rc5 28. Be2 e4 29. Rd2 f5 30. Rc2 Rxc2 31. Nxc2 Rb2 32. Nd4 Kf7 33. Ke1 Kf6 34.
Kd1 Ke5 35. Kc1 Rb4 36. Nxe6 Kxe6 37. Kc2 d4 38. g4 d3+ 39. Bxd3 exd3+ 40. Kc3
Rf4 41. Rb1 Rxf3 42. Rxb7 Rh3 43. Rb6+ Ke5 44. gxf5 Kxf5 45. Rxa6 Rxh2 46. Kxd3
h5 47. Ra8 h4 48. Ke3 Kg4 49. a6 Ra2 50. a7 h3 51. Rd8 Rxa7 52. Kf2 Ra2+ 53. Kg1
Kg3 54. Rd3+ Kh4 55. Rd4+ g4 56. Rb4 Re2 57. Ra4 Kg3 58. Ra3+ Kf4 59. Ra4+ Kf3
60. Ra3+ Re3 61. Ra1 g3 62. Rf1+ Kg4 63. Rb1 h2+ 64. Kg2 Re2+ 65. Kh1 Kh3 0-1

[Event "3rd Al Ain Chess Classic"]
[Site "Al-Ain UAE"]
[Date "2014.12.23"]
[Round "6.2"]
[White "Kravtsiv, Martyn"]
[Black "Kryvoruchko, Yuriy"]
[Result "0-1"]
[WhiteTitle "GM"]
[BlackTitle "GM"]
[WhiteElo "2576"]
[BlackElo "2671"]
[WhiteFideId "14113147"]
[BlackFideId "14109182"]
[EventDate "2014.12.19"]

1. c4 Nf6 2. Nc3 e5 3. Nf3 Nc6 4. g3 Bb4 5. Bg2 O-O 6. O-O d6 7. d3 h6 8. Na4
Bc5 9. e3 a6 10. b3 Ba7 11. Bb2 Re8 12. Nc3 Be6 13. h3 d5 14. e4 dxe4 15. dxe4
Bd7 16. Kh2 Nd4 17. Nd5 c5 18. Nxd4 exd4 19. Re1 Bc6 20. f4 b5 0-1

[Event "3rd Al Ain Chess Classic"]
[Site "Al-Ain UAE"]
[Date "2014.12.23"]
[Round "6.3"]
[White "Babujian, Levon"]
[Black "Zhigalko, Sergei"]
[Result "0-1"]
[WhiteTitle "GM"]
[BlackTitle "GM"]
[WhiteElo "2471"]
[BlackElo "2672"]
[WhiteFideId "13301993"]
[BlackFideId "13502956"]
[EventDate "2014.12.19"]

1. d4 Nf6 2. c4 e6 3. Nc3 Bb4 4. Nf3 b6 5. Qc2 Bb7 6. a3 Bxc3+ 7. Qxc3 O-O 8.
Bg5 d6 9. Nd2 Nbd7 10. f3 h6 11. Bh4 c5 12. dxc5 bxc5 13. e3 Qb6 14. Be2 a5 15.
O-O a4 16. Rab1 d5 17. Bf2 Rfd8 18. b4 axb3 19. Rxb3 Qc6 20. cxd5 exd5 21. Bb5
Qd6 22. Bg3 Qe7 23. a4 Ba6 24. a5 Re8 25. Re1 Bxb5 26. Rxb5 Qe6 27. Qb2 Qc6 28.
Bf2 c4 29. Rb1 Ne5 30. Qd4 Qe6 31. Rb6 Nc6 32. Qc3 Nd7 33. R6b5 Na7 34. Rb7 Nc6
35. Ra1 Nc5 36. Rb6 Nd3 37. Nf1 Qd6 38. Rb5 Nxf2 39. Kxf2 d4 40. exd4 Nxd4 41.
Rb2 Qc5 42. Qa3 Qa7 43. Ne3 Nb3 44. Re1 Nc5 45. Rd2 Nd3+ 46. Rxd3 cxd3 47. Qxd3
Qxa5 48. Rd1 Qc5 49. Qe2 Rxe3 0-1

[Event "3rd Al Ain Chess Classic"]
[Site "Al-Ain UAE"]
[Date "2014.12.23"]
[Round "6.4"]
[White "Petrosian, Tigran L."]
[Black "Volkov, Sergey"]
[Result "1/2-1/2"]
[WhiteTitle "GM"]
[BlackTitle "GM"]
[WhiteElo "2651"]
[BlackElo "2599"]
[WhiteFideId "13301616"]
[BlackFideId "4122763"]
[EventDate "2014.12.19"]

1. Nf3 d5 2. g3 c6 3. Bg2 Bf5 4. d3 e6 5. O-O Be7 6. c4 dxc4 7. dxc4 Qxd1 8.
Rxd1 Nf6 9. Nc3 Bc2 10. Re1 Nbd7 11. Bf4 a5 12. Rac1 Bg6 13. Red1 Nc5 14. Ne5
O-O 15. Bxc6 bxc6 16. Nxc6 Bd8 17. Bd6 Nfd7 18. Bxf8 Kxf8 19. Nxd8 Rxd8 20. Rd6
Rc8 21. Rcd1 Ke7 22. b3 f6 23. f3 Be8 24. Kf2 Ne5 25. Nb5 a4 26. Rb6 Ned7 27.
Rbd6 axb3 28. axb3 Nxb3 29. Na7 Rxc4 30. Nc6+ Kf8 31. Nd8 e5 32. Ne6+ Kf7 33.
Rc6 Ndc5 34. Nxc5 Nxc5 35. Rc7+ Kg6 36. Rd8 Nd3+ 37. exd3 Rxc7 38. Rxe8 Rc2+ 39.
Kg1 Rd2 40. Rd8 h5 41. h4 f5 42. Rd5 Kf6 43. f4 exf4 44. gxf4 g6 45. Rd6+ Kf7
46. Rd7+ Ke6 47. Rd4 Ra2 48. Kh1 Rd2 1/2-1/2

[Event "3rd Al Ain Chess Classic"]
[Site "Al-Ain UAE"]
[Date "2014.12.23"]
[Round "6.5"]
[White "Shankland, Samuel L"]
[Black "Gopal, G.N."]
[Result "1/2-1/2"]
[WhiteTitle "GM"]
[BlackTitle "GM"]
[WhiteElo "2642"]
[BlackElo "2580"]
[WhiteFideId "2004887"]
[BlackFideId "5015693"]
[EventDate "2014.12.19"]

1. d4 Nf6 2. c4 g6 3. f3 c5 4. d5 d6 5. e4 e6 6. Nc3 Bg7 7. Bg5 h6 8. Be3 exd5
9. cxd5 O-O 10. Qd2 a6 11. a4 Re8 12. Nge2 Nbd7 13. Bxh6 Nxe4 14. Nxe4 Qh4+ 15.
g3 Qxh6 16. Qxh6 Bxh6 17. Nxd6 Re5 18. f4 Rxd5 19. Nxc8 Rxc8 20. Bg2 Rd6 21. O-O
c4 22. Rfd1 Rxd1+ 23. Rxd1 Nc5 24. Rd4 b5 25. axb5 axb5 26. Rd6 Bg7 27. Bd5 Kf8
28. Rc6 Rxc6 29. Bxc6 b4 30. Bd5 Bxb2 31. Bxc4 b3 32. Kf2 Bg7 33. Ke3 Ke7 34.
Kd2 Ne4+ 35. Kd3 b2 36. Ba2 f5 37. Kc2 Kd6 38. Ng1 Nc3 39. Kxb2 Ne2+ 40. Kc2
Nxg1 41. Bf7 g5 42. fxg5 Nh3 43. g6 Ke5 44. Kd3 Kf6 45. Ke2 Bf8 46. Be8 Bd6 47.
Kf3 Ng5+ 48. Kg2 Be5 49. Bb5 Kxg6 50. Bd3 Kf6 51. Bc2 Bd6 52. Bd3 Nf7 53. Bc2
Ne5 54. Bb1 Kg5 55. Bc2 Bc7 56. Bb1 Ng4 57. Bd3 Bd6 58. Be2 Bc5 59. Bd3 Kf6 60.
Be2 Ne3+ 61. Kf3 Nc2 62. Ba6 Ke5 63. Bb7 Nd4+ 64. Kg2 Ne6 65. Bc8 Ng5 66. Ba6
Ke4 67. Bb7+ Ke3 68. Bc8 Ke4 69. Bb7+ Ke5 70. Ba6 Ba7 71. Bc8 Ne4 72. Kf3 Nd2+
73. Kg2 Nb3 74. Bb7 Nd2 75. Bc8 Nc4 76. Kf3 Nb6 77. Ba6 Nd7 78. Bd3 Nf8 79. Bc2
Ne6 80. Bd3 Nd4+ 81. Kg2 Kd5 82. Kf2 Bb8 83. Ke3 Kc5 84. Ba6 Bd6 85. Bd3 Kd5 86.
Kf2 Ba3 87. Ke3 Bc1+ 88. Kf2 Kc5 89. Ba6 Kb4 90. Bd3 Kc3 91. Ba6 Bh6 92. Bc8 Kd2
93. Bd7 Be3+ 94. Kf1 Bg5 95. Kf2 Be7 96. Bc8 Bd6 97. Bd7 Be5 98. Bc8 f4 99. gxf4 1/2-1/2

[Event "3rd Al Ain Chess Classic"]
[Site "Al-Ain UAE"]
[Date "2014.12.23"]
[Round "6.6"]
[White "Sengupta, Deep"]
[Black "Oleksienko, Mikhailo"]
[Result "1/2-1/2"]
[WhiteTitle "GM"]
[BlackTitle "GM"]
[WhiteElo "2566"]
[BlackElo "2621"]
[WhiteFideId "5008352"]
[BlackFideId "4152417"]
[EventDate "2014.12.19"]

1. e4 c6 2. d4 d5 3. e5 Bf5 4. Nf3 e6 5. Be2 Nd7 6. O-O Ne7 7. a4 c5 8. c4 cxd4
9. Na3 d3 10. Bxd3 Bg4 11. Re1 d4 12. h3 Bxf3 13. Qxf3 Nc6 14. Qg3 a6 15. Nc2 g6
16. Bd2 a5 17. Rad1 Bg7 18. f4 O-O 19. Bc1 Qb6 20. Be4 Rfd8 21. Bxc6 d3+ 22. Ne3
bxc6 23. Rxd3 Nc5 24. Rxd8+ Rxd8 25. Ng4 Nxa4+ 26. Be3 Qb4 27. Qh4 Re8 28. b3
Nc5 29. Rd1 h5 30. Bxc5 Qxc5+ 31. Nf2 Qe3 32. Rd3 Qe1+ 33. Kh2 Bf8 34. Rd1 Qe3
35. Rd3 Qe1 36. Rd1 Qe2 37. Rd7 Bc5 38. Nd3 Be3 39. Rd8 Kf8 40. Rd7 Kg8 41. Rd8
Rxd8 1/2-1/2

[Event "3rd Al Ain Chess Classic"]
[Site "Al-Ain UAE"]
[Date "2014.12.23"]
[Round "6.7"]
[White "Onischuk, Vladimir"]
[Black "Parligras, Mircea-Emilian"]
[Result "1-0"]
[WhiteTitle "GM"]
[BlackTitle "GM"]
[WhiteElo "2614"]
[BlackElo "2580"]
[WhiteFideId "14114038"]
[BlackFideId "1204297"]
[EventDate "2014.12.19"]

1. e4 e5 2. Nf3 Nc6 3. Bb5 Nf6 4. d3 Bc5 5. c3 O-O 6. Nbd2 d6 7. O-O Ne7 8. d4
exd4 9. cxd4 Bb6 10. Re1 a6 11. Ba4 Bg4 12. h3 Bh5 13. a3 d5 14. e5 Nd7 15. g4
Bg6 16. b4 c6 17. Nf1 Ba7 18. Ng3 Nb6 19. Bc2 Nc4 20. Bg5 Qd7 21. Nh4 Bxc2 22.
Qxc2 Bxd4 23. Rad1 c5 24. bxc5 Nc6 25. Ngf5 Bxe5 26. f4 f6 27. fxe5 fxg5 28. e6
Qc7 29. e7 Rfe8 30. Qc3 N6e5 31. Rxd5 gxh4 32. Rdxe5 Nxe5 33. Rxe5 Rac8 34. Re3 1-0

[Event "3rd Al Ain Chess Classic"]
[Site "Al-Ain UAE"]
[Date "2014.12.23"]
[Round "6.8"]
[White "Sandipan, Chanda"]
[Black "Kovchan, Alexander"]
[Result "1/2-1/2"]
[WhiteTitle "GM"]
[BlackTitle "GM"]
[WhiteElo "2599"]
[BlackElo "2569"]
[WhiteFideId "5004225"]
[BlackFideId "14103052"]
[EventDate "2014.12.19"]

1. d4 Nf6 2. c4 g6 3. Nc3 d5 4. Nf3 Bg7 5. Qb3 dxc4 6. Qxc4 O-O 7. e4 a6 8. Be2
b5 9. Qb3 Nc6 10. e5 Be6 11. Qd1 Nd5 12. O-O f6 13. exf6 exf6 14. a4 Nxc3 15.
bxc3 Rb8 16. axb5 axb5 17. Rb1 Na7 18. Ba3 Rf7 19. c4 Bxc4 20. Bxc4 bxc4 21. Qa4
c6 22. Rxb8 Qxb8 23. Qxc4 Bf8 24. Bc5 Bxc5 25. dxc5 Nb5 26. Re1 Qd8 27. g3 Kg7
28. Re6 Rc7 29. Qf4 Qf8 30. h4 h5 31. Nd4 Rd7 32. Nxc6 Nc7 33. Rd6 Rxd6 34. Qxd6
Na6 35. Nd4 Qxd6 36. cxd6 Nc5 37. Ne2 Kf7 38. Nf4 Nd7 39. Kf1 Ne5 40. Ke2 Ke8
41. Nd5 Kd7 42. Nxf6+ Kxd6 43. Ke3 Ke6 44. Ne4 Kf5 45. f3 Nc6 46. Ng5 Ke5 47.
Kd3 Ne7 48. Ke2 Nf5 49. Kf2 Ne7 50. Nh3 Nf5 51. Kg2 Ne3+ 52. Kg1 Nd5 53. Kf2 Kf5
54. Ng1 g5 55. hxg5 Kxg5 56. Kg2 Ne3+ 57. Kh3 Nf5 58. Ne2 Kf6 59. Nf4 Kg5 60.
Ng2 Kf6 61. Nh4 Ne3 62. Kh2 Nd5 63. Kg2 Ne3+ 64. Kf2 Nc4 65. Ke2 Nd6 66. Ke3
Nc4+ 67. Ke4 Nb2 68. Kd4 Nd1 69. Ng2 Nf2 70. Ke3 Nh1 71. Kf4 Nf2 72. Ne3 Nd3+
73. Ke4 Nf2+ 74. Kd4 Nh3 75. Kd3 Ng1 76. f4 Nf3 77. Ng2 Nh2 78. Ke4 Nf1 79. Kf3
Nd2+ 80. Ke3 Nf1+ 81. Kf2 Nd2 82. Ne3 Kg6 83. Kg2 Kf6 84. Kh3 Nf3 85. Nc4 Kf5
86. Ne3+ Ke4 87. Ng2 Ng1+ 88. Kh4 Ne2 89. Kxh5 Nxg3+ 90. Kg5 Kd5 91. Ne3+ Ke6
92. Kg6 1/2-1/2

[Event "3rd Al Ain Chess Classic"]
[Site "Al-Ain UAE"]
[Date "2014.12.23"]
[Round "6.9"]
[White "Areshchenko, Alexander"]
[Black "Rahman, Ziaur"]
[Result "1-0"]
[WhiteTitle "GM"]
[BlackTitle "GM"]
[WhiteElo "2666"]
[BlackElo "2511"]
[WhiteFideId "14109530"]
[BlackFideId "10200037"]
[EventDate "2014.12.19"]

1. e4 c6 2. d4 d5 3. e5 Bf5 4. Nf3 e6 5. Be2 Ne7 6. O-O Nd7 7. Nbd2 Nc8 8. Nb3
Be7 9. Bd2 O-O 10. c4 dxc4 11. Bxc4 Ncb6 12. Ba5 Re8 13. Re1 Nf8 14. Be2 Rb8 15.
Bd2 Nd5 16. Na5 Qc7 1-0

[Event "3rd Al Ain Chess Classic"]
[Site "Al-Ain UAE"]
[Date "2014.12.23"]
[Round "6.10"]
[White "Mamedov, Rauf"]
[Black "Abasov, Nijat"]
[Result "0-1"]
[WhiteTitle "GM"]
[BlackTitle "GM"]
[WhiteElo "2658"]
[BlackElo "2509"]
[WhiteFideId "13401653"]
[BlackFideId "13402960"]
[EventDate "2014.12.19"]

1. c4 c5 2. Nf3 Nf6 3. g3 Nc6 4. Bg2 d5 5. cxd5 Nxd5 6. O-O e5 7. Nc3 Nc7 8. d3
Be7 9. Nd2 O-O 10. Nc4 f6 11. a4 Be6 12. a5 Qd7 13. Be3 Rab8 14. Qa4 Rfd8 15. f4
exf4 16. Bxf4 Rbc8 17. Bxc7 Rxc7 18. Nb5 Rcc8 19. a6 bxa6 20. Qxa6 Bf8 21. Bxc6
Rxc6 22. Qxa7 Qxa7 23. Rxa7 Bxc4 24. dxc4 Rd2 25. e4 Rxb2 26. Rf2 Rb4 27. Rd2
Rc8 28. Na3 Re8 29. Kf2 g6 30. Rdd7 Rb2+ 31. Kf3 Rb3+ 32. Kf2 Rxe4 33. Ra8 Rd4
34. Rxd4 cxd4 35. Nb5 Kg7 36. Rc8 Rb2+ 37. Kf3 d3 38. Nd4 Bb4 39. Rd8 d2 40. Ke2
Rb1 0-1

[Event "3rd Al Ain Chess Classic"]
[Site "Al-Ain UAE"]
[Date "2014.12.23"]
[Round "6.11"]
[White "Grover, Sahaj"]
[Black "Lupulescu, Constantin"]
[Result "1-0"]
[WhiteTitle "GM"]
[BlackTitle "GM"]
[WhiteElo "2505"]
[BlackElo "2640"]
[WhiteFideId "5021103"]
[BlackFideId "1207822"]
[EventDate "2014.12.19"]

1. e4 c5 2. Nf3 Nc6 3. Bb5 e6 4. Bxc6 bxc6 5. d3 Qc7 6. O-O Ne7 7. Re1 Ng6 8. e5
Be7 9. h4 f6 10. Nbd2 O-O 11. exf6 Bxf6 12. Ne4 Bxh4 13. Nxh4 Nxh4 14. Qh5 Nf5
15. c3 d6 16. g4 Ne7 17. Re3 Nd5 18. Rh3 Nf6 19. Nxf6+ gxf6 20. Bh6 Rf7 21. g5
fxg5 22. Qxg5+ Kh8 23. Rg3 Bb7 24. Kh1 Qe7 25. Qxe7 Rxe7 26. Rag1 Ba6 27. c4 d5
28. b3 e5 29. Bg7+ Rxg7 30. Rxg7 e4 31. dxe4 dxc4 32. e5 1-0

[Event "3rd Al Ain Chess Classic"]
[Site "Al-Ain UAE"]
[Date "2014.12.23"]
[Round "6.12"]
[White "Arun Prasad, S."]
[Black "Gupta, Abhijeet"]
[Result "1-0"]
[WhiteTitle "GM"]
[BlackTitle "GM"]
[WhiteElo "2482"]
[BlackElo "2632"]
[WhiteFideId "5011167"]
[BlackFideId "5010608"]
[EventDate "2014.12.19"]

1. d4 Nf6 2. c4 g6 3. Nc3 d5 4. cxd5 Nxd5 5. Bd2 Bg7 6. e4 Nb6 7. Be3 O-O 8. Bb5
Be6 9. Nf3 Bc4 10. Bxc4 Nxc4 11. Qb3 Nxe3 12. fxe3 Bh6 13. h4 c5 14. h5 Kg7 15.
hxg6 hxg6 16. Qxb7 Nd7 17. Rd1 Qb8 18. Qxb8 Raxb8 19. b3 Rfc8 20. Rd3 Nf6 21.
Rh4 g5 22. Rh1 g4 23. e5 gxf3 24. exf6+ exf6 25. dxc5 fxg2 26. Rg1 Rxc5 27.
Rxg2+ Kf8 28. Ne4 Rc1+ 29. Ke2 Rb6 30. Rd8+ Ke7 31. Rgg8 Ke6 32. Rde8+ Kd5 33.
Kd2 Rh1 34. Nc3+ Kc6 35. Re7 Rb4 36. Kd3 Rh3 37. Rge8 f5 38. Rxf7 Kd6 39. Rxf5
Kd7 40. Rfe5 1-0

[Event "3rd Al Ain Chess Classic"]
[Site "Al-Ain UAE"]
[Date "2014.12.23"]
[Round "6.13"]
[White "Ankit, R. Rajpara"]
[Black "Mchedlishvili, Mikheil"]
[Result "1/2-1/2"]
[WhiteTitle "GM"]
[BlackTitle "GM"]
[WhiteElo "2494"]
[BlackElo "2625"]
[WhiteFideId "5023335"]
[BlackFideId "13600966"]
[EventDate "2014.12.19"]

1. d4 Nf6 2. c4 e6 3. Nf3 c5 4. d5 d6 5. Nc3 exd5 6. cxd5 g6 7. e4 Bg7 8. Be2
Bg4 9. O-O O-O 10. Bf4 Re8 11. Nd2 Bxe2 12. Qxe2 Nh5 13. Be3 Nd7 14. a4 a6 15.
a5 Rb8 16. Rfe1 Bd4 17. Qf1 Ne5 18. Ra4 b5 19. axb6 Rxb6 20. Bxd4 cxd4 21. Rxd4
Rxb2 22. Nc4 Rb4 23. Na2 Rxc4 24. Rxc4 Nxc4 25. Qxc4 Qc8 26. Qxc8 Rxc8 27. Nb4
a5 28. Nc6 Ra8 29. e5 dxe5 30. d6 Nf6 31. Nxe5 Re8 32. f4 Nd7 1/2-1/2

[Event "3rd Al Ain Chess Classic"]
[Site "Al-Ain UAE"]
[Date "2014.12.23"]
[Round "6.14"]
[White "Vidit, Santosh Gujrathi"]
[Black "Das, Sayantan"]
[Result "1-0"]
[WhiteTitle "GM"]
[BlackTitle "IM"]
[WhiteElo "2625"]
[BlackElo "2444"]
[WhiteFideId "5029465"]
[BlackFideId "5034426"]
[EventDate "2014.12.19"]

1. d4 d5 2. c4 e6 3. Nf3 Nf6 4. Nc3 Bb4 5. Bg5 h6 6. Bxf6 Qxf6 7. e3 O-O 8. Rc1
dxc4 9. Bxc4 c5 10. O-O cxd4 11. Ne4 Qe7 12. exd4 Nc6 13. a3 Ba5 14. b4 Bb6 15.
Rc3 Rd8 16. Rd3 Bd7 17. Re1 Rac8 18. Ba2 Qf8 19. Nc3 Be8 20. d5 exd5 21. Nxd5
Kh8 22. Bb1 g6 23. Nf6 Kg7 24. Qd2 Rxd3 25. Qxd3 Nd4 26. Nxd4 Kxf6 27. Nf5 Ba4
28. Qg3 gxf5 29. Qe5+ Kg6 30. Bxf5+ 1-0

[Event "3rd Al Ain Chess Classic"]
[Site "Al-Ain UAE"]
[Date "2014.12.23"]
[Round "6.15"]
[White "Miroshnichenko, Evgenij"]
[Black "Abdyjapar, Asyl"]
[Result "1-0"]
[WhiteTitle "GM"]
[BlackTitle "IM"]
[WhiteElo "2618"]
[BlackElo "2385"]
[WhiteFideId "14102595"]
[BlackFideId "13800337"]
[EventDate "2014.12.19"]

1. Nf3 Nf6 2. c4 e6 3. g3 b6 4. Bg2 Bb7 5. Nc3 c5 6. O-O Be7 7. b3 a6 8. Bb2 d6
9. e3 O-O 10. Qe2 Nbd7 11. Rfd1 Re8 12. d4 Qc7 13. Rac1 Ne4 14. Qc2 Nxc3 15.
Bxc3 cxd4 16. exd4 d5 17. Bb2 Rac8 18. Qe2 Qb8 19. cxd5 Bxd5 20. Qxa6 b5 21. Ne5
Bxg2 22. Kxg2 Nxe5 23. dxe5 b4 24. Rxc8 Rxc8 25. Rd7 Bf8 26. Bd4 Rd8 27. Ba7
Qa8+ 28. Qb7 Qxb7+ 29. Rxb7 g5 30. Bb8 Rd2 31. Bd6 Kg7 32. Rb8 Bxd6 33. exd6 Kf6
34. Rxb4 Rxa2 35. Rd4 Ra8 36. Kf3 Ke5 37. Ke3 g4 38. d7 Rd8 39. b4 Kf6 40. b5 1-0

[Event "3rd Al Ain Chess Classic"]
[Site "Al-Ain UAE"]
[Date "2014.12.23"]
[Round "6.16"]
[White "Hayrapetyan, Hovik"]
[Black "Paichadze, Luka"]
[Result "0-1"]
[WhiteTitle "GM"]
[BlackTitle "GM"]
[WhiteElo "2441"]
[BlackElo "2561"]
[WhiteFideId "13302639"]
[BlackFideId "13602934"]
[EventDate "2014.12.19"]

1. d4 Nf6 2. c4 e6 3. Nf3 b6 4. e3 Bb7 5. Bd3 Bb4+ 6. Bd2 Qe7 7. O-O Bxd2 8.
Nbxd2 O-O 9. e4 d6 10. Qe2 e5 11. d5 a5 12. b3 g6 13. Ne1 Nbd7 14. Nc2 Nh5 15.
g3 Nc5 16. a3 Bc8 17. b4 Nxd3 18. Qxd3 f5 19. exf5 Bxf5 20. Ne4 Nf6 21. f3 Bh3
22. Rf2 Nxe4 23. Qxe4 Bf5 24. Qe2 Bxc2 25. Qxc2 axb4 26. a4 Rf5 27. Kg2 Raf8 28.
Re1 h5 29. Qb1 Qf7 30. Ref1 h4 31. Qxb4 Qh7 32. Qe1 Rh5 33. g4 h3+ 34. Kh1 Rh4
35. f4 Qe7 36. fxe5 Rxf2 37. Qxf2 dxe5 38. Qf3 e4 39. Qf4 Rh7 40. Re1 Rf7 41.
Qh6 Qd6 42. Qxh3 Rf3 43. Qg2 Qf6 44. g5 Qf5 45. Kg1 e3 46. c5 Qxd5 47. cxb6 cxb6
48. Qg4 e2 49. Qc8+ Rf8 50. Qh3 Rf5 51. Qe3 Rxg5+ 0-1

[Event "3rd Al Ain Chess Classic"]
[Site "Al-Ain UAE"]
[Date "2014.12.23"]
[Round "6.19"]
[White "Karavade, Eesha"]
[Black "Gasanov, Eldar"]
[Result "1/2-1/2"]
[WhiteTitle "IM"]
[BlackTitle "GM"]
[WhiteElo "2392"]
[BlackElo "2526"]
[WhiteFideId "5012600"]
[BlackFideId "14104466"]
[EventDate "2014.12.19"]

1. d4 f5 2. Bg5 h6 3. Bh4 g5 4. e3 Nf6 5. Bg3 d6 6. h4 g4 7. Bc4 Nc6 8. Nc3 Nh5
9. Nge2 e5 10. dxe5 Nxg3 11. Nxg3 Nxe5 12. Bd3 Qf6 13. Nb5 Qf7 14. Nd4 f4 15.
exf4 Qxf4 16. O-O Bg7 17. Ndf5 Bxf5 18. Bxf5 O-O 19. Qd5+ Kh8 20. Qxb7 Rae8 21.
Rae1 Rxf5 22. Re4 Nf3+ 23. gxf3 Rxe4 24. Qxe4 Qxe4 25. fxe4 Ra5 26. c3 Rxa2 27.
Rb1 Be5 28. Kg2 Kg7 29. Nf5+ Kg6 30. Ne7+ Kh5 31. Nd5 c5 32. f4 gxf3+ 33. Kxf3
Kxh4 34. Rh1+ Kg5 35. Rg1+ Kh5 36. Rg2 Ra1 37. Ne3 Rh1 38. Rg8 Rh3+ 39. Ke2 Rh4
40. Kd3 Rh3 41. Ke2 Rh2+ 42. Kd3 Bf4 43. Nd5 Rd2+ 44. Kc4 Be5 45. b4 cxb4 46.
Nxb4 Re2 47. Kd3 Rf2 48. Nd5 Rf7 49. Rg1 Rf3+ 50. Ke2 Rf7 51. Ne3 Bxc3 52. Nf5
Be5 53. Rh1+ Kg5 54. Rg1+ Kf6 55. Nxh6 Rb7 56. Ng4+ Ke6 57. Nxe5 Kxe5 58. Rd1
Rb5 59. Ke3 Rb3+ 60. Ke2 Rb5 61. Ke3 a5 62. Ra1 Ke6 63. Kd4 Rc5 64. Kd3 Kd7 65.
Kd4 Kc6 66. Ra2 Kb6 67. Ra1 Rb5 68. Ra2 Rb1 69. Kd5 Rd1+ 70. Kc4 Ka6 71. Re2 Kb6
72. e5 d5+ 73. Kc3 Kc7 74. e6 Kd8 75. Ra2 Ke7 76. Rxa5 Kxe6 77. Ra4 Ke5 78. Rh4
Re1 79. Kd3 Ra1 80. Rh5+ Kd6 81. Rh8 Ke5 1/2-1/2

[Event "3rd Al Ain Chess Classic"]
[Site "Al-Ain UAE"]
[Date "2014.12.23"]
[Round "6.20"]
[White "Mosadeghpour, Masoud"]
[Black "Sokolov, Ivan"]
[Result "1-0"]
[BlackTitle "GM"]
[WhiteElo "2337"]
[BlackElo "2645"]
[WhiteFideId "12519278"]
[BlackFideId "14400030"]
[EventDate "2014.12.19"]

1. e4 e5 2. Nf3 Nc6 3. d4 exd4 4. Bc4 Nf6 5. O-O Nxe4 6. Re1 d5 7. Bxd5 Qxd5 8.
Nc3 Qa5 9. Nxe4 Be6 10. Neg5 O-O-O 11. Nxe6 fxe6 12. Rxe6 Bd6 13. Bg5 Rdf8 14.
Qe2 Qd5 15. a3 h6 16. Bd2 Qh5 1-0

[Event "3rd Al Ain Chess Classic"]
[Site "Al-Ain UAE"]
[Date "2014.12.23"]
[Round "6.21"]
[White "Soumya, Swaminathan"]
[Black "Pashikian, Arman"]
[Result "0-1"]
[WhiteTitle "WGM"]
[BlackTitle "GM"]
[WhiteElo "2330"]
[BlackElo "2617"]
[WhiteFideId "5016193"]
[BlackFideId "13301578"]
[EventDate "2014.12.19"]

1. e4 e5 2. Nf3 Nc6 3. Bb5 a6 4. Ba4 Nf6 5. O-O Be7 6. d3 d6 7. c3 O-O 8. Re1
Re8 9. Nbd2 Bf8 10. Nf1 b5 11. Bc2 d5 12. Bg5 dxe4 13. dxe4 Be6 14. Ne3 Qxd1 15.
Rexd1 Nd7 16. Nd5 Bd6 17. Ne1 f6 18. Be3 Na5 19. b3 Nb7 20. b4 c6 21. Nb6 Nxb6
22. Bxb6 c5 23. Nd3 Rac8 24. bxc5 Bxc5 25. Bxc5 Nxc5 26. Nb4 Red8 27. Nd5 Bxd5
28. exd5 Nb7 29. Rd3 Nd6 30. Bb3 Rc5 31. Kf1 Rdc8 32. Rc1 Kf8 33. f3 b4 34. Ba4
bxc3 35. Bc6 Rb8 36. a4 Rb3 37. g4 Ke7 38. Ke1 g6 39. Re3 Rc4 40. h3 Kd8 41. Rc2
Kc7 42. a5 h6 43. Ke2 Nb5 44. Bxb5 axb5 45. a6 Ra3 46. a7 b4 47. Re4 Rxe4+ 48.
fxe4 Kd6 49. Kd3 Kc5 50. Rf2 Rxa7 51. Rxf6 Ra2 52. Rxg6 Rd2+ 53. Ke3 b3 54. Rc6+
Kb4 55. Rb6+ Ka3 56. Rc6 Kb2 57. h4 Rd1 58. g5 hxg5 59. hxg5 c2 0-1

[Event "3rd Al Ain Chess Classic"]
[Site "Al-Ain UAE"]
[Date "2014.12.23"]
[Round "6.22"]
[White "Lodhi, Mahmood"]
[Black "Iordachescu, Viorel"]
[Result "1/2-1/2"]
[WhiteTitle "IM"]
[BlackTitle "GM"]
[WhiteElo "2328"]
[BlackElo "2611"]
[WhiteFideId "7800010"]
[BlackFideId "13900200"]
[EventDate "2014.12.19"]

1. d4 Nf6 2. Nf3 d5 3. c4 c6 4. cxd5 cxd5 5. Nc3 Nc6 6. g3 Bf5 7. Bg2 h6 8. O-O
e6 9. Qb3 Bb4 10. Ne5 a5 11. Nxc6 bxc6 12. a3 Bd6 13. Na4 O-O 14. Qc3 Qc7 15.
Be3 Rfc8 16. Rfc1 Qb8 17. Qd2 Qb5 18. Nc5 a4 19. Rc3 Bxc5 20. Rxc5 Qb7 21. Bf4
Ra6 22. Qb4 Rb6 23. Qxa4 Rxb2 24. Qd1 Ne4 25. Rcc1 g5 26. Be3 Nd6 27. Bd2 Nc4
28. Bc3 Rb5 29. Bb4 Qd7 30. e4 Bg6 1/2-1/2

[Event "3rd Al Ain Chess Classic"]
[Site "Al-Ain UAE"]
[Date "2014.12.23"]
[Round "6.23"]
[White "Gholami, Aryan"]
[Black "Baryshpolets, Andrey"]
[Result "1/2-1/2"]
[WhiteTitle "FM"]
[BlackTitle "GM"]
[WhiteElo "2320"]
[BlackElo "2566"]
[WhiteFideId "12513342"]
[BlackFideId "14117207"]
[EventDate "2014.12.19"]

1. d4 Nf6 2. Nf3 c5 3. e3 d5 4. c3 Nbd7 5. Bd3 g6 6. Nbd2 Bg7 7. O-O O-O 8. b3
b6 9. a4 Bb7 10. Ba3 Ne4 11. Qc2 Nxd2 12. Qxd2 e5 13. Bb5 e4 14. Ne1 Qc7 15. Nc2
Rfd8 16. Rac1 Nf8 17. Be2 Ne6 18. Rfd1 Rac8 19. Qe1 Qd7 20. Qf1 Rc7 1/2-1/2